00625cam a22001931i 4500001001300000003000400013005001700017008004100034010001700075035002000092040001700112050001600129100001900145245015100164260004200315300002100357650003600378999001700414ca 11002037 DLC20260227111056.0860313s1883 pau 000 0 eng  aca 11002037  a(OCoLC)13293350 aDLCcWMdDLC00aPE1628b.H51 aHeron, John M.14aThe pocket manual :nnumber one ;bor, Our writer's and travellers' ready reference book for everyday use-- /cRev. John M. Heron, A. M., editor-- aPhiladelphia :bW.H. Thompson,c1883. a224 p. ;b14 cm. 0aEnglish languagexDictionaries. c14509d14509